| 000 | 00405nam a22001697a 4500 | ||
|---|---|---|---|
| 005 | 20180726151520.0 | ||
| 008 | 160514b xxu||||| |||| 00| 0 eng d | ||
| 020 | _a978-81-8398-857-5 | ||
| 041 | _aeng | ||
| 082 |
_b2444 _a658.3 |
||
| 100 |
_aAgarwal, P.K. _94640 |
||
| 245 | _aOrganizational Behaviour | ||
| 260 |
_bPragatI Prakashan _c2009 |
||
| 300 | _a428p, | ||
| 650 |
_aManagement _9241 |
||
| 942 | _cBK | ||
| 999 |
_c875 _d875 |
||